| 000 | 00419nam a2200157 4500 | ||
|---|---|---|---|
| 001 | 137066 | ||
| 003 | ES-MaACL | ||
| 005 | 20230906195312.0 | ||
| 007 | t| | ||
| 008 | 070214s1973 sp r ||||1| cat d | ||
| 100 | 1 |
_aSalvador, Carles. _9102067 |
|
| 245 | 1 | 0 |
_a4 elogis i 4 cues / _cCarles Salvador. |
| 260 |
_aValencia : _bGorg, _c1973. |
||
| 300 |
_a59 p. : _bil. ; _c24 cm. |
||
| 852 |
_aES-MaACL _jC-55575 _bR.88272 |
||
| 999 |
_c137066 _d137066 |
||